000
00300nam a2200121 a 4500
005
20141022141959.0
008
120229s19uu xx 00 eng d
050
_a
CD-ROM
_b
W58 2009
100
_a
White, Tony
245
_a
How to make animated films /
_c
Tony White.
260
_c
2009.
942
_c
AVM
999
_c
276163
_d
276163